nascar drivers by number - Statistics

General Stats
  • This quiz has been taken 796 times
  • The average score is 6 of 15
Answer Stats
Hint Answer % Correct
48 Jimmie Johnson
96%
24 Jeff Gordon
92%
14 Tony Stewart
75%
43 Richard Petty
71%
99 Carl Edwards
69%
10 Danica Patrick
54%
20 Matt Kenseth
37%
42 Kyle Larson
32%
18 Kyle Bush
26%
3 Dale Earnhart
19%
2 Brad Keslowski
15%
88 Dale Earnhart JR
13%
1 Jamie Mcmurry
9%
4 Kevin Harvick
8%
9 Marcos Ambrose
3%
No matching quizzes found
Score Distribution
Percent of People with Each Score
Percentile by Number Answered
Your Score History
You have not taken this quiz